| 000 | 00762nam a2200253 i 4500 | ||
|---|---|---|---|
| 001 | bg | ||
| 100 | 1 | _aBĘZA, Stanisław | |
| 245 | 1 | 0 |
_aBlickpunkt Wirtschaft.2 / _cStanisław Bęza, Karl-Hubert Kiefer. |
| 260 |
_aWarszawa : _b"Poltext", _c2002. |
||
| 300 |
_a429, [2] s. : _bil. ; _c24 cm. |
||
| 504 | _aBibliogr. | ||
| 650 | 9 | _aJęzyk niemiecki | |
| 650 | 9 |
_aNauki ekonomiczne _xsłownictwo |
|
| 655 | _aPodręczniki | ||
| 700 | 1 | _aKIEFER, Karl-Hubert | |
| 020 | _a838884024X (cz. 2) | ||
| 040 | _cBPK | ||
| 041 | 0 | _agerpol | |
| 080 | _a811.112.2(07):33 | ||
| 920 | _a83-88840-24-X (cz. 2) | ||
| 942 | _cKS | ||
| 008 | s pl f |000 0 pol | ||
| 999 |
_c45055 _d45055 |
||
| 856 |
_uhttp://koha.tu.koszalin.pl/cgi-bin/koha/opac-detail.pl?biblionumber=45055 _yKatalog online BPK |
||